<?xml version="1.0" encoding="UTF-8"?>
<record
    xmlns:xsi="http://www.w3.org/2001/XMLSchema-instance"
    xsi:schemaLocation="http://www.loc.gov/MARC21/slim http://www.loc.gov/standards/marcxml/schema/MARC21slim.xsd"
    xmlns="http://www.loc.gov/MARC21/slim">

  <leader>02110nam a2200205 i 4500</leader>
  <controlfield tag="001">166327</controlfield>
  <controlfield tag="003">ES-MaACL</controlfield>
  <controlfield tag="005">20250929063245.0</controlfield>
  <controlfield tag="008">000217s1772    it           |||| | ita d</controlfield>
  <datafield tag="100" ind1="1" ind2=" ">
    <subfield code="a">Tiraboschi, Girolamo, </subfield>
    <subfield code="d">1731-1794</subfield>
    <subfield code="9">133262</subfield>
  </datafield>
  <datafield tag="245" ind1="1" ind2="0">
    <subfield code="a">Storia della letteratura italiana / </subfield>
    <subfield code="c">di Girolamo Tiraboschi della Compagnia di Ges&#xF9; bibliotecario del serenissimo Duca di Modena ; Tomo primo [-decimo].</subfield>
  </datafield>
  <datafield tag="260" ind1=" " ind2=" ">
    <subfield code="a">In Modena : </subfield>
    <subfield code="b">presso la Societ&#xE1; Tipografica ..., </subfield>
    <subfield code="c">1772-1782.</subfield>
  </datafield>
  <datafield tag="300" ind1=" " ind2=" ">
    <subfield code="a">13 v. ; </subfield>
    <subfield code="c">4&#xBA;.</subfield>
  </datafield>
  <datafield tag="505" ind1="8" ind2=" ">
    <subfield code="a">Contiene:  1: Tomo primo, che comprende la storia della letteratura degli Etruschi, de' popoli della Magna Grecia, e dell'antica Sicilia, e de' Romani fino alla morte d'Augusto -- &#xB7; 2: Dalla morte di Augusto sino alla caduta dell'Impero occidentale --  3: Dalla rovina dell'Impero occidentale fino all'anno 1183 -- &#xB7; 4: Dall'anno 1183. fino all'anno 1300 -- &#xB7; 5: Dall'anno 1300. fino all'anno 1400 -- &#xB7; T. 5.: Dall'anno 1300 fino all'anno 1400  --   &#xB7; 6.1: Dall'anno 1400. fino all'anno 1500. Parte prima -- &#xB7; 6.2: Dall'anno 1400. fino all'anno 1500. Parte seconda --   &#xB7; 7.1: Dall'anno 1500. all'anno 1600. Parte prima -- &#xB7; 7.2: Dall'anno 1500. all'anno 1600. Parte seconda --  &#xB7; 7.3: Dall'anno 1500. all'anno 1600. Parte terza -- &#xB7; 8: Dall'anno 1600. all'anno 1700 -- &#xB7; 9: Tomo 9. Che contiene le aggiunte, e le correzioni -- &#xB7; 10: Tomo 10. Che contiene l'indice generale di tutta l'opera, con alcune altre iunte e correzioni --</subfield>
  </datafield>
  <datafield tag="596" ind1=" " ind2=" ">
    <subfield code="a">Posible marca tip. en port.</subfield>
  </datafield>
  <datafield tag="597" ind1=" " ind2=" ">
    <subfield code="a">Sign.: *4, 2*6, A-Z4, 2A-2S4, 2T6 ;  *-3*4, A-Z4, 2A-2Z4, 3A-3E4, 3F6 ; *4, 2*7, A-Z4, 2A-2Z4, 3A4, 3B8 ;  []3, A-Z4, 2A-2Z4, 3A-3F4, 3G6 ; a-b4, c6, A-Z4, 2A-2Z4, 3A-3X4, 3Y6 ; *4, A-Z4, 2A-2Z4, 3A-3Q4 ; []2, A-Z4, 2A-2Z4, 3A-3F4, 3G6 ; *4, A-Z4, 2A-2Z4, 3A-3P4 ; *2, A-Z4, 2A-2Z4, 3A-3G4, 3H8 ; []2, A-Z4, 2A-2Z4, 3A-3p4 ;  []4, A-Z4, 2A-2Z4, 3A6  ;  a6, A-Z4, 2A-2T4 ; A4, A-Z4, 2A-2M4, 2N7.</subfield>
  </datafield>
  <datafield tag="650" ind1=" " ind2="4">
    <subfield code="a">Literatura italiana-</subfield>
    <subfield code="x">Historia y cr&#xED;tica.</subfield>
    <subfield code="9">14631</subfield>
  </datafield>
  <datafield tag="852" ind1=" " ind2=" ">
    <subfield code="a">ES-MaACL</subfield>
    <subfield code="j">R-787-99   </subfield>
    <subfield code="z">- Enc. hol.   </subfield>
    <subfield code="x">- Olim: G-5250-62</subfield>
  </datafield>
  <datafield tag="999" ind1=" " ind2=" ">
    <subfield code="c">166327</subfield>
    <subfield code="d">166327</subfield>
  </datafield>
  <datafield tag="952" ind1=" " ind2=" ">
    <subfield code="0">0</subfield>
    <subfield code="1">0</subfield>
    <subfield code="4">0</subfield>
    <subfield code="7">0</subfield>
    <subfield code="8">LIBXVIII</subfield>
    <subfield code="a">ATENEOM</subfield>
    <subfield code="b">ATENEOM</subfield>
    <subfield code="c">DEPO</subfield>
    <subfield code="d">2008-01-17</subfield>
    <subfield code="l">0</subfield>
    <subfield code="o">R-787-99</subfield>
    <subfield code="p">1174433</subfield>
    <subfield code="r">2023-02-23 00:00:00</subfield>
    <subfield code="w">2023-02-23</subfield>
    <subfield code="y">MONANT</subfield>
  </datafield>
</record>
